|
|
|
|
| LEADER |
00933nam a22002417a 4500 |
| 001 |
AAL1861 |
| 003 |
BD-DhAAL |
| 005 |
20160314123347.0 |
| 008 |
160314s 1994bg ||||| |||| 00| 0 ben d |
| 020 |
|
|
|a 9840729772
|
| 040 |
|
|
|a BD-DhAAL
|c BD-DhAAL
|
| 082 |
|
|
|a 340.59095492
|
| 100 |
|
|
|a বেগম, সাহিদা
|9 18510
|
| 245 |
|
|
|a মুসলিম আইন ও পারিবারিক আদালত /
|c সাহিদা বেগম
|
| 250 |
|
|
|a 1st ed.
|
| 260 |
|
|
|a ঢাকা :
|b বাংলা একাডেমী,
|c ১৯৯৪
|
| 300 |
|
|
|a ৯৬ পৃ. ;
|c ২২ সে.মি.
|
| 541 |
|
|
|e 1861
|
| 650 |
|
|
|a Islamic law
|z Bangladesh
|9 18511
|
| 852 |
|
|
|a Savar Campus Library
|c General Shelf
|
| 942 |
|
|
|2 ddc
|c BK
|
| 999 |
|
|
|c 37113
|d 37113
|
| 952 |
|
|
|0 0
|1 0
|2 ddc
|4 0
|6 340_590954920000000_BEG
|7 0
|9 58374
|a SCL
|b SCL
|c GEN
|d 2016-03-14
|g 50.00
|l 0
|o 340.59095492 BEG
|p 3020001861
|r 2016-03-14
|t 1
|w 2016-03-14
|y BK
|